000 00293nam a22001337a 4500
008 170918b xxu||||| |||| 00| 0 eng d
020 _a9781564962676
041 _aeng
080 _a7
100 _a44
101 _aART
245 _aTHE BEST OIL PAINTING
_cNICHOLAS.M
942 _2udc
_cBK
999 _c28108
_d28108